Hypothetically speaking, how valuable is that mezzanine? (Record no. 80374)

MARC details
000 -LEADER
fixed length control field 01070cab a22002055a 4500
001 - CONTROL NUMBER
control field L144182
008 - FIXED-LENGTH DATA ELEMENTS--GENERAL INFORMATION
fixed length control field 080701e20080628xxk f 000 0 eng d
035 ## - SYSTEM CONTROL NUMBER
System control number (Sirsi) u144182
041 0# - LANGUAGE CODE
Language code of text/sound track or separate title eng
100 1# - MAIN ENTRY--PERSONAL NAME
Personal name Fetherstonhaugh, Guy
245 00 - TITLE STATEMENT
Title Hypothetically speaking, how valuable is that mezzanine?
260 ## - PUBLICATION, DISTRIBUTION, ETC.
Date of publication, distribution, etc. 2008
490 ## - SERIES STATEMENT
Series statement Estates Gazette
Volume/sequential designation (825) 28 June 2008, 170(1)
520 ## - SUMMARY, ETC.
Summary, etc. Discusses the right approach to disregarding improvements in the rent review procedure involving mezzanines. Explains that improvements to property can play an important role in rent reviews. Explains that the notion of presumption in favour of reality has come to dominate rent review. Includes relevant case law as examples.
650 24 - SUBJECT ADDED ENTRY--TOPICAL TERM
Topical term or geographic name entry element GREA REAL PROPERTY INVESTMENTS LTD V WILLIAMS ESTATES PROJECTS LTD V GREENWICH LONDON BOROUGH RAILSTORE LTD V PLAYDALE LTD
650 24 - SUBJECT ADDED ENTRY--TOPICAL TERM
Topical term or geographic name entry element TOWN AND COUNTRY PLANNING (GENERAL DEVELOPMENT PROCEDURE) (AMENDMENT) (ENGLAND) ORDER 2006
651 #4 - SUBJECT ADDED ENTRY--GEOGRAPHIC NAME
Geographic name United Kingdom
Chronological subdivision
690 ## - LOCAL SUBJECT ADDED ENTRY--TOPICAL TERM (OCLC, RLIN)
Topical term or geographic name as entry element PROPERTY-PROPERTY APPRAISAL AND VALUATION
942 ## - ADDED ENTRY ELEMENTS (KOHA)
Suppress in OPAC 0
Holdings
Withdrawn status Lost status Source of classification or shelving scheme Damaged status Not for loan Home library Current library Shelving location Date acquired Total Checkouts Full call number Barcode Date last seen Copy number Price effective from Koha item type
    Dewey Decimal Classification     London London Journal article 01/07/2008   L144182 144182-1001 06/08/2019 1 06/08/2019 Journal article